50 films à remplir - 2010 - Statistiques

Statistiques générales
  • Ce quiz a été pris 241 fois
    100 depuis la dernière actualisation
  • Le résultat moyen est 35 sur 50
Statistiques - réponses
Hint Réponse % Correct
Alice au ... des merveilles Pays
97%
... (la princesse aux très longs cheveux) Raiponce
97%
Harry Potter et les ... de la Mort - 1ère partie Reliques
97%
... Story 3 Toy
97%
Moi, ... et méchant Moche
95%
... des Bois Robin
95%
L'... tous risques Agence
93%
... Kid Karaté
93%
L'..., c'est mieux à deux Amour
92%
Le Choc des ... Titans
91%
... Island Shutter
88%
The ... Network Social
88%
L'apprenti ... Sorcier
88%
Shrek 4 : Il était une ... Fin
87%
Tout ce qui ... Brille
86%
... (un rêve dans un rêve dans un rêve etc.) Inception
86%
Iron Man ... 2
85%
Laisse-moi ... Entrer
83%
Le Dernier ... de l'air Maître
80%
Les Petits ... Mouchoirs
80%
Le ... d'un roi Discours
77%
..-Ass Kick
77%
Tout va bien ! The Kids Are ... Right All
76%
... pour toujours Copains
74%
Twilight Chapitre III : ... Hésitation
74%
Black ... Swan
74%
Des ... et des dieux Hommes
72%
127 ... Heures
67%
Percy Jackson : Le ... de foudre Voleur
67%
Expendables : ... spéciale Unité
66%
Mega... Mind
65%
Les Aventures extraordinaires d'Adèle ... Blanc-Sec
63%
Very Bad ... Cops
62%
Le Monde de Narnia : L'Odyssée du ... d'Aurore Passeur
59%
The ... Writer Ghost
57%
... : L'Héritage Tron
57%
Date ... Limite
56%
... Pilgrim Scott
56%
... ("How to Train Your ..." en anglais) Dragons
55%
Prince of Persia : Les ... du Temps Sables
53%
... l'Ours Yogi
52%
..., dans le piège afghan Armadillo
45%
Un ... sur la mer Balcon
44%
... Kingdom Animal
40%
The ... Town
40%
... Girl Easy
33%
... Grit True
31%
... Job Inside
26%
Winter's ... Bone
24%
... Boonmee, celui qui se souvient de ses vies antérieures Oncle
23%
Aucun quiz correspondant
Distribution des résultats
% des personnes avec chaque résultat
Percentile par nombre de réponses
Votre historique - résultats
Vous n’avez pas pris ce quiz depuis la dernière actualisation